Statistics for Busiest Air Routes from Rome Fiumicino

Click here to take the quiz!

General Stats

  • This quiz has been taken 114 times
  • The average score is 29 of 30

Answer Stats

PassengersCountryCity% Correct
571,935GreeceAthens
100%
1.3 milSpainBarcelona
100%
719,056BelgiumBrussels
100%
399,669TurkeyIstanbul
100%
427,352PortugalLisbon
100%
693,885UKLondon-Gatwick
100%
1.07 milUKLondon-Heathrow
100%
1.22 mSpainMadrid
100%
754,088USANew York-JFK
100%
1.20 milFranceParis-Charles De Gaule
100%
741,093FranceParis-Orly
100%
420,872South KoreaSeoul
100%
1.06 milNetherlandsAmsterdam
99%
607,288UAEDubai
99%
518,044RussiaMoscow
99%
725,483GermanyMunich
99%
813,363IsraelTel Aviv
99%
342,957CanadaToronto
99%
401,344AustriaVienna
99%
477,394SwitzerlandZurich
99%
372,266UAEAbu Dhabi
98%
352,692ArgentinaBuenos Aires
98%
318,275DenmarkCopenhagen
98%
403,276BrazilSao Paulo
98%
382,292QatarDoha
97%
718,684GermanyFrankfurt
97%
343,211SwitzerlandGeneva
97%
320,514FranceNice
95%
330,545AlbaniaTirana
95%
367,718MaltaMalta (Luqa)
77%

Score Distribution

Percentile by Number Answered

Percent of People with Each Score

Your Score History

You have not taken this quiz